| 000 | 00692nam a22002297a 4500 | ||
|---|---|---|---|
| 003 | OSt | ||
| 005 | 20260126171932.0 | ||
| 008 | 260126b |||||||| |||| 00| 0 eng d | ||
| 020 | _a9789675226984 | ||
| 040 | _cKenyalang Ilmu Miri Library | ||
| 082 | _a153.12/BAH | ||
| 100 | _aBaharom Mohamad | ||
| 245 |
_aIngat, lupa, sedar & gangguan psikologi / _cBaharom Mohamad, Iliyas Hashim. |
||
| 260 |
_aKuala Lumpur : _bPTS Professional, _c2010. |
||
| 300 |
_axi, 123p. : _bill. ; _c23cm. |
||
| 504 | _aIncludes bibliographical references and index. | ||
| 546 | _aMalay. | ||
| 650 | _aMemory | ||
| 650 | _aMemory disorders | ||
| 651 | _aPsychology, Pathological | ||
| 942 |
_2ddc _cBOOK _n0 |
||
| 999 |
_c28507 _d28507 |
||